000 00524nam a2200181Ia 4500
008 090124s9999 xx 000 0 und d
082 _b35264
100 _aदसनूरकर स्नेहलता
245 _a शपथ
250 _a0
260 _bमनोरमा प्रकाशन
_c1999
300 _a207
600 _aदसनूरकर स्नेहलता
630 _a शपथ
700 _aदसनूरकर स्नेहलता
730 _a शपथ
942 _cBOOK
999 _c101368
_d101368